| 000 | 00776nam a2200193Ii 4500 | ||
|---|---|---|---|
| 003 | JO-AjNU | ||
| 008 | 230605s9999||||xx |||||||||||||| ||und|| | ||
| 040 |
_aJO-AjNU _bara _erda _cJO-AjNU |
||
| 041 | _aara | ||
| 050 | 1 | 4 | _aHF5500.2016 |
| 100 | 3 |
_aالمؤتمر الدولي العلمي المحكم خلال الفترة 12 -2016/12/13 عمان -الاردن, _eauthor _956732 |
|
| 245 | 0 | 0 | _aالنظرة المستقبلية لمنشآت الاعمال في ضوء التطورات التكنولوجية |
| 264 | 3 | 1 | _aعمان: مؤسسة الوراق للنشر والتوزيع، 2016 |
| 300 | _a394ص | ||
| 336 |
_atext _btxt _2rdacontent |
||
| 337 |
_aunmediated _bn _2rdamedia |
||
| 338 |
_avolume _bnc _2rdacarrier |
||
| 650 | 4 |
_aادارة الاعمال _956733 |
|
| 999 |
_aA25382 _c28950 _d28950 |
||